|
|
|
|
| LEADER |
02044nam a2200505 i 4500 |
| 001 |
EBC4014247 |
| 003 |
MiAaPQ |
| 005 |
20200520144314.0 |
| 006 |
m o d | |
| 007 |
cr cnu|||||||| |
| 008 |
150202t20152015nyu ob 001 0 eng|d |
| 020 |
|
|
|a 9781782387848 (e-book)
|
| 035 |
|
|
|a (MiAaPQ)EBC4014247
|
| 035 |
|
|
|a (Au-PeEL)EBL4014247
|
| 035 |
|
|
|a (CaPaEBR)ebr11102550
|
| 035 |
|
|
|a (CaONFJC)MIL842066
|
| 035 |
|
|
|a (OCoLC)925782186
|
| 040 |
|
|
|a MiAaPQ
|b eng
|e rda
|e pn
|c MiAaPQ
|d MiAaPQ
|
| 041 |
1 |
|
|a eng
|h fre
|
| 043 |
|
|
|a a-kg---
|
| 050 |
|
4 |
|a HC420.7
|b .P4813 2015
|
| 082 |
0 |
|
|a 320.95843
|2 23
|
| 100 |
1 |
|
|a Petric, Boris-Mathieu,
|d 1972-
|e author.
|
| 240 |
1 |
0 |
|a On a mange nos moutons.
|l English
|
| 245 |
1 |
0 |
|a Where are all our sheep? :
|b Kyrgyzstan, a global political arena /
|c Boris Petric ; translated by Cynthia Schoch.
|
| 264 |
|
1 |
|a New York :
|b Berghahn Books,
|c [2015]
|
| 264 |
|
4 |
|c 2015
|
| 300 |
|
|
|a 1 online resource (186 pages)
|
| 336 |
|
|
|a text
|2 rdacontent
|
| 337 |
|
|
|a computer
|2 rdamedia
|
| 338 |
|
|
|a online resource
|2 rdacarrier
|
| 490 |
1 |
|
|a Dislocations ;
|v volume 16
|
| 500 |
|
|
|a Translation of the author's On a mange nos moutons.
|
| 504 |
|
|
|a Includes bibliographical references and index.
|
| 588 |
|
|
|a Description based on print version record.
|
| 590 |
|
|
|a Electronic reproduction. Ann Arbor, MI : ProQuest, 2015. Available via World Wide Web. Access may be limited to ProQuest affiliated libraries.
|
| 650 |
|
0 |
|a Globalization
|z Kyrgyzstan.
|
| 651 |
|
0 |
|a Kyrgyzstan
|x Economic conditions
|y 1991-
|
| 651 |
|
0 |
|a Kyrgyzstan
|x Politics and government
|y 1991-
|
| 655 |
|
4 |
|a Electronic books.
|
| 700 |
1 |
|
|a Schoch, Cynthia,
|e translator.
|
| 776 |
0 |
8 |
|i Print version:
|a Petric, Boris-Mathieu.
|t Where are all our sheep? : Kyrgyzstan, a global political arena.
|d New York : Berghahn Books, [2015]
|k Dislocations ; volume 16
|
| 797 |
2 |
|
|a ProQuest (Firm)
|
| 830 |
|
0 |
|a Dislocations ;
|v v. 16.
|
| 856 |
4 |
0 |
|u https://ebookcentral.proquest.com/lib/matrademy/detail.action?docID=4014247
|z Click to View
|